Superheroes and Supervillains by Country - Statistics

General Stats
  • This quiz has been taken 299 times
    168 since last reset
  • The average score is 14 of 25
Answer Stats
Character Country % Correct
Batman USA
99%
Spider-Man USA
98%
Joker USA
86%
Wolverine Canada
85%
Lex Luthor USA
82%
Red Skull Germany
76%
Magneto Germany / Poland
76%
Black Panther Wakanda
74%
Black Widow Russia
70%
Captain Britain UK
67%
Aquaman Atlantis
64%
Baron Zemo Germany / Sokovia
58%
Mandarin China
54%
Apocalypse Egypt / Jordan
49%
Namor the Sub-Mariner Atlantis
45%
John Constantine UK
41%
Nightcrawler Germany
40%
Doctor Doom Latveria
39%
Black Adam Egypt / Kahndaq
33%
Kraven the Hunter Russia
30%
Wonder Woman Themyscira / Paradise Island
30%
Abomination Russia
25%
Lady Deathstrike Japan
17%
Ra's al Ghul Saudi Arabia
17%
Bane Santa Prisca
11%
No matching quizzes found
Score Distribution
Percent of People with Each Score
Percentile by Number Answered
Your Score History
You have not taken this quiz since the last reset